| 000 | 00772cam a22001457a 4500 | ||
|---|---|---|---|
| 008 | 180718b-- xxu||||| |||| 00| 0 eng d | ||
| 082 | _aA81x54 91/8/PT3B/B | ||
| 100 | _aCensus of India 1991 | ||
| 245 | _aHaryana: economic tables | ||
| 260 |
_aDelhi _bThe Controller of Publications _c-- |
||
| 300 | _a-v- | ||
| 440 | _aCensus of India 1991. Series-8, Haryana. Part III B-B series | ||
| 500 | _aContents: v.1. 2001. 1369+p. Tables B-2(F), B-3(F), B-6(F), B-7(F), B-8(F), B-9(F), B-12(F), B-13(i)(F), B-13(ii)(F), and B-14(F);v.2. 2000. 781+p. Tables B-15(i)(F), B-15(ii)(F), B-16(F), B-17(F) and B-18(F);v.3. 2001. 563+p. Tables B-19(F), B-20(F) and B-21(F) Part A&B;v.4. 2000. 791+p. Tables B-22(F), B-23(F) and B-24(F) | ||
| 650 | _aHaryana - Economic conditions - Census | ||
| 999 |
_c490503 _d490503 |
||